00290nam a2200109Ia 4500008004100000082001800041100002000059245003700079250001200116260004100128300001100169150201s2008 xx 000 0 und d a510.2462bKRE aKreyszig, Erwin aAdvanced engineering mathematics a8th Ed. bWiley India Pvt. Ltd.aN.Delhic2008 a1156p.